000 00400nam a2200169Ia 4500
001 25067
003 IN-NITTTR
005 20251114233319.0
008 251113s9999||||xx |||||||||||||| ||eng||
040 _beng
040 _cIN-NITTTR
041 _aeng
082 _a891.431 M11 H
245 0 _aMahadevi :
_b pratinidhi kavitayen /
_cPandey, Ramji, ed.
700 _aPandey, Ramji
942 _2ddc
_cBK
999 _c27696
_d27696